Rozsypanka literowa - miasta #1 - Statystyki

Ogólne statystyki
  • Ten quiz został rozwiązany 25 razy
  • Średni wynik to 16 z 27
Statystyki odpowiedzi
Rozsypanka Miasto % Poprawnych
PRYAŻ Paryż
96%
IMAMI Miami
91%
SIŃKM Mińsk
87%
BUADJ Dubaj
83%
SIOAF Sofia
83%
ŃOTRU Toruń
83%
KOTOI Tokio
78%
UQITO Quito
74%
EDLIH Delhi
70%
BKAUL Kabul
70%
ELEDS Leeds
70%
YBOMT Bytom
65%
OHNAI Hanoi
65%
KOTOI Kioto
65%
KAMEK Mekka
65%
ANIML Milan
65%
ALOGS Lagos
52%
OKSAA Osaka
52%
THERP Perth
52%
KRDAA Dakar
48%
RYUNT Turyn
48%
ADKAH Dhaka
43%
AMTAP Tampa
43%
ARDMO Radom
26%
LUTSA Tulsa
26%
RFAGO Fargo
22%
HAAMO Omaha
9%
Nie znaleziono quizów pasujących do podanych kryteriów
Rozkład punktacji
Procent ludzi z każdym wynikiem
Percentyl według liczby udzielonych odpowiedzi
Twoja historia wyników
Nie rozwiązałeś tego quizu